[Event "Novosibirsk Seniors op"]
[Site "Novosibirsk"]
[Date "2010.10.01"]
[Round "7"]
[White "Maslov, Vladimir"]
[Black "Norchenko, Konstantin Grigorie"]
[Result "1-0"]
[WhiteElo "2343"]
[BlackElo "1951"]
[PlyCount "85"]
[EventDate "2010.09.24"]
[EventType "swiss"]
[EventRounds "9"]
[EventCountry "RUS"]
[SourceTitle "EXT 2014"]
[Source "ChessBase"]
[SourceDate "2013.11.20"]
[SourceVersion "1"]
[SourceVersionDate "2013.11.20"]
[SourceQuality "1"]

1. d4 Nf6 2. c4 g6 3. Nc3 d5 4. cxd5 Nxd5 5. e4 Nxc3 6. bxc3 Bg7 7. Ba3 0-0 8. Nf3 Nd7 9. Qb3 h6 10. Be2 b6 11. 0-0 Bb7 12. d5 Ne5 13. Nxe5 Bxe5 14. f4 Bd6 15. Bb2 Bc5+ 16. Kh1 c6 17. c4 cxd5 18. cxd5 Kh7 19. f5 g5 20. f6 e6 21. dxe6 fxe6 22. Qxe6 Bc8 23. Qc6 Bd7 24. Qd5 Be8 25. Qb3 Bf7 26. Qf3 Qd2 27. Bc1 Qd4 28. Bxg5 Rg8 29. Bh4 Rae8 30. Rad1 Qa4 31. Bg3 Qxa2 32. e5 Qe6 33. Bd3+ Kh8 34. Qf4 Bf8 35. Bf5 Qa2 36. Ra1 Qe2 37. Rfe1 Qh5 38. e6 Rxg3 39. Qxg3 Qxf5 40. exf7 Rxe1+ 41. Rxe1 Qh7 42. Qc7 a5 43. Qd7 1-0

[Event "Novosibirsk op 03"]
[Site "Novosibirsk"]
[Date "2009.03.24"]
[Round "5"]
[White "Narchuk, Margarita"]
[Black "Maslov, Vladimir"]
[Result "0-1"]
[WhiteElo "1746"]
[BlackElo "2343"]
[PlyCount "88"]
[EventDate "2009.03.17"]
[EventType "swiss"]
[EventRounds "9"]
[EventCountry "RUS"]
[SourceTitle "EXT 2012"]
[Source "ChessBase"]
[SourceDate "2011.11.24"]
[SourceVersion "1"]
[SourceVersionDate "2011.11.24"]
[SourceQuality "1"]

1. e4 e5 2. Nf3 Nc6 3. Bb5 a6 4. Ba4 Nf6 5. 0-0 Be7 6. Re1 b5 7. Bb3 0-0 8. c3 d5 9. d3 dxe4 10. dxe4 Qxd1 11. Bxd1 Bc5 12. Bg5 Be6 13. Nbd2 Ng4 14. Bh4 f6 15. h3 Nh6 16. Bb3 Kf7 17. Rad1 g5 18. Bxg5 fxg5 19. Nxg5+ Ke7 20. Nxe6 Bxf2+ 21. Kh1 Bxe1 22. Nxf8 Bxd2 23. Ne6 Bf4 24. Nxc7 Rd8 25. Nd5+ Kf8 26. Rf1 Kg7 27. g3 Bg5 28. h4 Be7 29. Nxe7 Nxe7 30. g4 Rf8 31. Rxf8 Kxf8 32. Bd1 Ng6 33. h5 Nf4 34. Kg1 Ke7 35. Kh2 Kf6 36. Kg3 Kg5 37. b3 Nd3 38. Be2 Nc1 39. Bd1 Nxa2 40. c4 Nc3 41. cxb5 axb5 42. Bf3 Ng8 43. Bg2 Nf6 44. Bf3 Ncxe4+ 0-1

[Event "Novosibirsk op 03"]
[Site "Novosibirsk"]
[Date "2009.03.23"]
[Round "4"]
[White "Maslov, Vladimir"]
[Black "Klimov, Valery"]
[Result "0-1"]
[WhiteElo "2343"]
[BlackElo "1928"]
[PlyCount "80"]
[EventDate "2009.03.17"]
[EventType "swiss"]
[EventRounds "9"]
[EventCountry "RUS"]
[SourceTitle "EXT 2012"]
[Source "ChessBase"]
[SourceDate "2011.11.24"]
[SourceVersion "1"]
[SourceVersionDate "2011.11.24"]
[SourceQuality "1"]

1. e4 c5 2. Nf3 e6 3. Nc3 a6 4. d4 cxd4 5. Nxd4 Nc6 6. a3 Qc7 7. Be2 Nf6 8. 0-0 d6 9. Be3 Bd7 10. Qd2 Ne5 11. Bf4 Nc4 12. Bxc4 Qxc4 13. Nb3 e5 14. Bg3 Be7 15. f3 0-0 16. Rfd1 Rac8 17. Rac1 Be6 18. Bf2 Qc7 19. Nd5 Nxd5 20. exd5 Bd7 21. Re1 f5 22. c3 Ba4 23. Na1 g5 24. Nc2 f4 25. Re2 Be8 26. Ne1 Bg6 27. Nd3 h5 28. Be1 g4 29. Kh1 Qd7 30. Nf2 gxf3 31. gxf3 Kh8 32. Ne4 Qh3 33. Qd3 Rg8 34. Bd2 Rg7 35. Rf2 Rcg8 36. Qf1 Bf5 37. Re1 Qxf1+ 38. Rexf1 Bh3 39. c4 Bh4 40. Bc3 Bxf2 0-1

[Event "Novosibirsk-ch sf"]
[Site "Novosibirsk"]
[Date "2008.01.24"]
[Round "9"]
[White "Kamrukov, Alexey"]
[Black "Maslov, Vladimir"]
[Result "1-0"]
[WhiteElo "1994"]
[BlackElo "2343"]
[PlyCount "81"]
[EventDate "2008.01.13"]
[EventType "swiss"]
[EventRounds "9"]
[EventCountry "RUS"]
[SourceTitle "EXT 2010"]
[Source "ChessBase"]
[SourceDate "2010.11.25"]
[SourceVersion "1"]
[SourceVersionDate "2010.11.25"]
[SourceQuality "1"]

1. d4 Nf6 2. c4 g6 3. Nc3 Bg7 4. e4 d6 5. Nf3 0-0 6. Be2 e5 7. 0-0 Nbd7 8. h3 h6 9. Be3 c6 10. Qc2 Qe7 11. Rad1 Re8 12. d5 c5 13. a3 a6 14. b4 b6 15. Na4 Qd8 16. Nh2 Qe7 17. Ng4 h5 18. Nxf6+ Bxf6 19. Qc1 Rb8 20. g4 hxg4 21. hxg4 g5 22. Kg2 Nf8 23. Rh1 Ng6 24. f3 Nf4+ 25. Bxf4 exf4 26. Rh3 Qe5 27. Rd2 Bd7 28. Nb2 Kg7 29. Nd3 Qe7 30. Rd1 Rh8 31. Rdh1 Rxh3 32. Rxh3 Rh8 33. Rxh8 Kxh8 34. Qb1 Bxg4 35. fxg4 Qxe4+ 36. Bf3 Qe3 37. bxc5 bxc5 38. Qb8+ Kg7 39. Qb3 Bd4 40. Qd1 f5 41. Kh3 1-0